| 000 | 00683nam a2200229 a 4500 | ||
|---|---|---|---|
| 001 | 79988 | ||
| 003 | BD-RjUL | ||
| 005 | 20221128101604.0 | ||
| 008 | 220619s2021 |||||||| |||| 00| 0 eng d | ||
| 020 | _a9789389832020 | ||
| 035 | _a(BD-RjUL)79988 | ||
| 040 |
_aBD-RjUL _beng _cBD-RjUL |
||
| 041 | _aeng | ||
| 082 |
_223 _a632.9517 _bRAC 2021 |
||
| 100 |
_aRamulu, Sree _93713 |
||
| 245 |
_aChemistry of insecticides and fungicides / _cSree Ramulu. |
||
| 260 |
_aJodhpur, India, : _bScientific Publishers, _c2021 |
||
| 300 |
_ax, 277 pages : _billustrations ; _c24 cm |
||
| 650 |
_aInsecticides _xComposition _93714 |
||
| 650 |
_aFungicides _xComposition _93715 |
||
| 942 |
_2ddc _cBK |
||
| 999 |
_c79988 _d79988 |
||